000
00278nam a22001097a 4500
008
230626b xxu||||| |||| 00| 0 eng d
082
_a
337.1
_b
UNESCO 2002
245
_a
Kenya and UNESCO
260
_a
Kenya
_b
National Commision for UNESCO
_c
2002
300
_a
187p
942
_2
ddc
_c
BK
999
_c
2756
_d
2756